Service charge variation clauses (Record no. 30080)

MARC details
000 -LEADER
fixed length control field 01032cab a2200205 4500
001 - CONTROL NUMBER
control field ABS44545
008 - FIXED-LENGTH DATA ELEMENTS--GENERAL INFORMATION
fixed length control field 090401t1991 xxu||||| |||| 00| 0 eng d
035 ## - SYSTEM CONTROL NUMBER
System control number (Sirsi) u47742
041 ## - LANGUAGE CODE
Language code of text/sound track or separate title eng
100 ## - MAIN ENTRY--PERSONAL NAME
Personal name Sparkes, P.
245 ## - TITLE STATEMENT
Title Service charge variation clauses
260 ## - PUBLICATION, DISTRIBUTION, ETC.
Date of publication, distribution, etc. 1991
350 ## - PRICE (NR) (BK AM CF MU VM SE) [OBSOLETE]
Price 0
490 ## - SERIES STATEMENT
Series statement Rent Review & Lease Renewal
Volume/sequential designation 11(3) Spring 1991, 249-257(9)
520 ## - SUMMARY, ETC.
Summary, etc. Problems with service charges in the commercial sector may occur where there is a variation clause as part of the lease. These clauses give a landlord license to redefine the range of services provided or change the method of charge calculation, and disputes naturally arise. The article discusses the sources of conflict: variations of service, property covered, charge levied, tenants` share and argues in conclusion, for legislation to introduce the practice currently employed in residential flat leases .
650 ## - SUBJECT ADDED ENTRY--TOPICAL TERM
Topical term or geographic name entry element BUSINESS TENANCIES
690 ## - LOCAL SUBJECT ADDED ENTRY--TOPICAL TERM (OCLC, RLIN)
Topical term or geographic name as entry element LANDLORD AND TENANT-BUSINESS TENANCIES
942 ## - ADDED ENTRY ELEMENTS (KOHA)
Suppress in OPAC 0
948 ## - LOCAL PROCESSING INFORMATION (OCLC); SERIES PART DESIGNATOR (RLIN)
c (OCLC) 04/03/1997
Holdings
Withdrawn status Lost status Source of classification or shelving scheme Damaged status Not for loan Home library Current library Shelving location Date acquired Total Checkouts Full call number Barcode Date last seen Copy number Price effective from Koha item type
    Dewey Decimal Classification     London London Journal article 14/09/1999   ABS44545 47742-1001 06/08/2019 1 06/08/2019 Journal article